000 00623nam a2200181Ia 4500
008 090124s9999 xx 000 0 und d
082 _b18617
_a6195
100 _aकुलकर्णी जी.ए.(गुरुनाथ आबाजी )
245 _a काजळमाया
250 _a1
260 _c1972
300 _a271
600 _aकुलकर्णी जी.ए.(गुरुनाथ आबाजी )
630 _a काजळमाया
700 _aकुलकर्णी जी.ए.(गुरुनाथ आबाजी )
730 _a काजळमाया
942 _cBOOK
999 _c132558
_d132558